| 000 | 00404nam a22001217a 4500 | ||
|---|---|---|---|
| 020 | _a9781523088805 | ||
| 082 |
_a302.35 _bWIN |
||
| 100 | _aWinters, Mary-Frances | ||
| 245 |
_aInclusive Conversations: _bFostering Equity, Empathy, and Belonging across Differences / _c Mary-Frances Winters |
||
| 260 |
_aOakland: _bBerrett-Koehler Publishers, _c2020. |
||
| 300 | _axii, 198p. ; | ||
| 942 |
_2ddc _cBK |
||
| 999 |
_c614985 _d614985 |
||